Antología de la poesía coreana

Zapisane w:
Opis bibliograficzny
Format: Książka
Język:hiszpański
Wydane: Seúl Universidad Nacional de Seul 1987
Hasła przedmiotowe:
Etykiety: Dodaj etykietę
Nie ma etykietki, Dołącz pierwszą etykiete!

MARC

LEADER 00000nam a2200000 a 4500
001 UCX1247
003 CL-VaPUC
008 900704e19870000KO |||||||||||||||||spa|d
082 0 4 |a 895.701  |b ANT  |2 21 
245 1 0 |a Antología de la poesía coreana 
300 |a 357 p 
942 |c BK 
945 |d 19900704 00:00:00 
260 |a Seúl  |b Universidad Nacional de Seul  |c 1987 
650 7 |a POESIAS COREANAS  |2 CL-VaPUC  |9 316674 
583 |a last modification  |c 19900704 00:00:00  |k Rodrigo Vera 
999 |c 222519  |d 222517 
952 |0 0  |1 0  |4 0  |6 895_701000000000000_ANT_1987  |7 0  |8 A  |9 217380  |a BIBGIM  |b BIBGIM  |d 2019-11-15  |i 2863383  |l 2  |m 1  |o 895.701 ANT 1987  |p 2863383  |r 2025-01-15  |s 2023-11-23  |w 2019-11-15  |y BK  |k ORI